[Event "SVK-ch U10 Girls"]
[Site "Tatralandia"]
[Date "2024.04.10"]
[Round "7"]
[White "Hadidom, Naomi"]
[Black "Vojtkova, Liliana"]
[Result "1-0"]
[WhiteElo "1000"]
[BlackElo "1000"]
[PlyCount "121"]
[EventDate "2024.04.05"]
[EventType "swiss"]
[EventRounds "9"]
[EventCountry "SVK"]
[SourceTitle "CB16_2024"]
[SourceDate "2024.04.17"]
[SourceVersion "1"]
[SourceVersionDate "2024.04.17"]
[SourceQuality "1"]

1. c4 d6 2. g3 Nc6 3. Bg2 Bd7 4. e3 e5 5. Ne2 Nf6 6. d4 exd4 7. exd4 Be7 8. d5 Na5 9. b3 Bg4 10. 0-0 0-0 11. Bb2 Re8 12. Nd2 Bf8 13. Re1 Qd7 14. Qc2 Re7 15. Nf4 Rxe1+ 16. Rxe1 Bf5 17. Qc3 Re8 18. Rd1 Ng4 19. Qxa5 b6 20. Qc3 Ne5 21. Nf3 Nxf3+ 22. Qxf3 Be7 23. Qc3 Bf8 24. Nh5 f6 25. Nxf6+ gxf6 26. Qxf6 Bg7 27. Qxg7+ Qxg7 28. Bxg7 Kxg7 29. Bf3 Bc2 30. Rc1 Bd3 31. Bh5 Re5 32. f4 Re4 33. Rc3 Re1+ 34. Kf2 Rf1+ 35. Ke3 Bb1 36. Be2 Re1 37. Kd2 Rg1 38. Bd3 Rg2+ 39. Ke3 Bxa2 40. Rc2 Rxc2 41. Bxc2 a5 42. Kd3 a4 43. bxa4 h5 44. Kc3 b5 45. cxb5 Bxd5 46. a5 c6 47. b6 c5 48. a6 Kf8 49. b7 Kf7 50. b8Q Kf6 51. Qxd6+ Be6 52. Qxc5 Bg4 53. a7 Bf3 54. Kd3 h4 55. gxh4 Ke6 56. h5 Kd7 57. Ke3 Bc6 58. Be4 Ba4 59. a8Q Bc6 60. Qaxc6+ Kd8 61. Qf8# 1-0

[Event "SVK-ch U10 Girls"]
[Site "Tatralandia"]
[Date "2024.04.09"]
[Round "6"]
[White "Florekova, Lucia"]
[Black "Vojtkova, Liliana"]
[Result "1-0"]
[WhiteElo "1000"]
[BlackElo "1000"]
[PlyCount "59"]
[EventDate "2024.04.05"]
[EventType "swiss"]
[EventRounds "9"]
[EventCountry "SVK"]
[SourceTitle "CB16_2024"]
[SourceDate "2024.04.17"]
[SourceVersion "1"]
[SourceVersionDate "2024.04.17"]
[SourceQuality "1"]

1. e3 e5 2. e4 Nf6 3. d4 Nxe4 4. dxe5 Nc6 5. Bc4 Bb4+ 6. c3 Nxe5 7. Bd5 Bc5 8. Be3 d6 9. Bxe4 Bxe3 10. fxe3 0-0 11. Nh3 Bg4 12. Qc1 Nd3+ 13. Bxd3 Bxh3 14. gxh3 Qh4+ 15. Kd2 Qxh3 16. Qg1 Rae8 17. Qf1 Qxe3+ 18. Kd1 Qb6 19. Rg1 Re7 20. Qg2 f6 21. Nd2 Qxb2 22. Rb1 Qxc3 23. Bc4+ Kh8 24. Rc1 Qb2 25. Nb3 Qa3 26. Be2 Qxa2 27. Bc4 Qa4 28. Rc2 b5 29. Re2 Rxe2 30. Qxg7# 1-0

[Event "SVK-ch U10 Girls"]
[Site "Tatralandia"]
[Date "2024.04.07"]
[Round "4"]
[White "Vojtkova, Liliana"]
[Black "Stricova, Viktoria Lea"]
[Result "0-1"]
[WhiteElo "1000"]
[BlackElo "1092"]
[PlyCount "62"]
[EventDate "2024.04.05"]
[EventType "swiss"]
[EventRounds "9"]
[EventCountry "SVK"]
[SourceTitle "CB16_2024"]
[SourceDate "2024.04.17"]
[SourceVersion "1"]
[SourceVersionDate "2024.04.17"]
[SourceQuality "1"]

1. e4 c5 2. Nc3 d6 3. Bb5+ Bd7 4. Bc4 Nf6 5. Nf3 g6 6. Ng5 e6 7. 0-0 Bg7 8. d3 0-0 9. Bf4 Qe7 10. e5 dxe5 11. Bxe5 Nc6 12. Bxf6 Bxf6 13. Nf3 a6 14. Ne4 Bg7 15. Nfg5 b5 16. Bb3 Nd4 17. f4 Nxb3 18. cxb3 Bxb2 19. Rb1 Bg7 20. Qf3 Bc6 21. Qh3 h6 22. Rfd1 Bxe4 23. dxe4 hxg5 24. fxg5 Qxg5 25. Rf1 a5 26. Qd3 b4 27. a4 bxa3 28. Ra1 Bxa1 29. Rxa1 f5 30. exf5 Rxf5 31. Rxa3 Qc1+ 0-1